Membre de la Mano - 21jump click - Statistiques

Statistiques générales
  • Ce quiz a été pris 59 fois
  • Le résultat moyen est 13 sur 31
Statistiques - réponses
Hint Réponse % Correct
Chef Miguel Rodriguez (Charles Collins)
89%
thé glacé Ice T
79%
Vagos sur RPZ Haylie James
74%
Distributeur de coup de "soleil" Pablo Lujan-Arteaga
74%
Femme du chef Kim Dwight-Collins
68%
Fan de caisse d'arme Allan Regnam
63%
Mort à son mariage entouré de sa famille Lenny Dalton
58%
Le bourreau Hannibal Wyman
53%
Toujours un parapluie sur lui Milo Cook
53%
Parti à la recherche de son ami en europe Simon Tar
53%
Avait une relation avec un chef VAGOS Charlie Dakova
47%
Ancien Pichon, connait toutes les voitures Jim Westwood
47%
informateur du groupe Mike Ashman
47%
Le suceur James Thomas
42%
Turbo
42%
Ma Lubullule Ben Riggs
37%
Le chef l'appelle Ethan Evan Miller
37%
Viré de la mano et contraint de quitter l'ile Neru Shankar
37%
Capable d'imiter BENSON Thiago Torres
37%
Tué par Allan Christopher Smith
32%
"Tac" Noah Clark
32%
Meilleur pilote aka perroquet Alexis Flake
26%
Entre à la mano après la mort de son mari Arya Dalton
26%
Pilote d'hélicoptère et femme de perroquet Jade Flake
26%
Ancienne EMS et présidente de la fondation Collins Elana Leroy
21%
"Tic", Revenu en tant que prospect Julian Parks
21%
Tué par le cannibal Larry Kush
21%
Arménien avec une voie agréable Agop Kevork
16%
Los Pollos Jose Gatcha Mendoza
16%
Il a volé une ambulance comme cadeau pour rentrer à la mano Tim Rikes
16%
Ponpon Zachary Hopper
16%
Aucun quiz correspondant
Distribution des résultats
% des personnes avec chaque résultat
Percentile par nombre de réponses
Votre historique - résultats
Vous n’avez pas pris ce quiz